History Quiz

Random History or Celebrity Quiz

Were They Family? Quiz Stats

 Plays Quiz not verified by Sporcle

Score 0/20 Timer 03:00
2 Plays Today
Question Answer Wrong Answers
Emily Brontë (author)
Charlotte Brontë (author)
Sibling / Sibling
89.8%
Parent / Child
2%
Husband / Wife
1.4%
None / Other
1.4%
John F. Kennedy (president)
Robert Kennedy (lawyer / politician)
Sibling / Sibling
89%
Parent / Child
4.3%
Husband / Wife
0.3%
None / Other
2%
Pierre Curie (chemist)
Marie Curie (chemist)
Husband / Wife
87.9%
Parent / Child
2.3%
Sibling / Sibling
3.4%
None / Other
1.6%
Marie Antoinette (queen)
Louis XVI (king)
Husband / Wife
86.7%
Parent / Child
4.5%
Sibling / Sibling
1.4%
None / Other
2.4%
Rainier of Monaco (prince)
Grace Kelly (actress)
Husband / Wife
86.4%
Parent / Child
4.5%
Sibling / Sibling
1.6%
None / Other
2.6%
Franklin D. Roosevelt (president)
Theodore Roosevelt (president)
None / Other
79.2%
Parent / Child
9.1%
Sibling / Sibling
6.8%
Husband / Wife
0.1%
Amelia Earhart (aviator)
Howard Hughes (aviator)
None / Other
78.7%
Parent / Child
2.5%
Sibling / Sibling
1.3%
Husband / Wife
12.5%
Henry VIII (king)
Elizabeth I (queen)
Parent / Child
74.4%
Sibling / Sibling
1.7%
Husband / Wife
11.6%
None / Other
7.3%
Mary Shelley (author)
Percy Bysshe Shelley (poet)
Husband / Wife
67.5%
Parent / Child
7.6%
Sibling / Sibling
8.6%
None / Other
11.4%
George Gershwin (composer)
Ira Gershwin (lyricist)
Sibling / Sibling
66.4%
Parent / Child
9.9%
Husband / Wife
11.5%
None / Other
7.6%
Olivia de Havilland (actress)
Joan Fontaine (actress)
Sibling / Sibling
57.5%
Parent / Child
22.1%
Husband / Wife
5%
None / Other
11.1%
Beatrix Potter (writer)
Dennis Potter (playwright)
None / Other
52%
Parent / Child
12.8%
Sibling / Sibling
11.4%
Husband / Wife
19.1%
Elizabeth I (queen)
Mary Queen of Scots (queen)
None / Other
51.9%
Parent / Child
10.1%
Sibling / Sibling
33.1%
Husband / Wife
0.6%
J.S. Bach (composer)
C.P.E. Bach (composer)
Parent / Child
50.7%
Sibling / Sibling
11.8%
Husband / Wife
2.1%
None / Other
30.5%
Edwin Booth (actor)
John Wilkes Booth (assassin)
Sibling / Sibling
50.3%
Parent / Child
10.8%
Husband / Wife
1.3%
None / Other
32.3%
Mary Wollstonecraft (early feminist)
Mary Shelley (author)
Parent / Child
47.6%
Sibling / Sibling
10.4%
Husband / Wife
2.3%
None / Other
34.6%
Julius Caesar (general)
Augustus Caesar (emperor)
Parent / Child
45.9%
Sibling / Sibling
6.4%
Husband / Wife
0.6%
None / Other
42.7%
Genghis Khan (emperor)
Kublai Khan (emperor)
None / Other
39.2%
Parent / Child
48.4%
Sibling / Sibling
6.2%
Husband / Wife
1.6%
Martin Luther (reformer)
Katharina von Bora (nun)
Husband / Wife
36.5%
Parent / Child
6.5%
Sibling / Sibling
15.5%
None / Other
36.5%
Lord Byron (poet)
Ada Lovelace (computing pioneer)
Parent / Child
34%
Sibling / Sibling
6.5%
Husband / Wife
24.9%
None / Other
29.2%

You're not logged in!

Compare scores with friends on all Sporcle quizzes.
OR
Log In

Show Comments

Extras

Top Quizzes Today


Score Distribution

Your Account Isn't Verified!

In order to create a playlist on Sporcle, you need to verify the email address you used during registration. Go to your Sporcle Settings to finish the process.

Report this User

Report this user for behavior that violates our Community Guidelines.

Details: